00366nam a22001217a 4500020001500000082002800015100001700043245008700060260002900147300002300176526003700199650000800236 a0412009110 a624.193bATTcL-16 P-52 aP.B Attewell aSoil Movements Induced by Tunnelling and their Effects on Pipelines and Structures aNew DelhibThomson Press axv, 325billc15cm a0b0c0d624_193000000000000_ATT aMCE